Effectif Argentine - Copa América 2024 - Statistiques

Statistiques générales
  • Ce quiz a été pris 63 fois
  • Le résultat moyen est 20 sur 27
Statistiques - réponses
POSTE CLUB NUMERO JOUEUR % Correct
ATT Inter Miami 10 Lionel Messi
100%
G Aston Villa 23 Emiliano Martínez
98%
ATT Inter Milan 22 Lautaro Martínez
98%
DEF Manchester United 25 Lisandro Martínez
98%
DEF Fiorentina 2 Lucas Martínez Quarta
98%
MIL Atlético Madrid 7 Rodrigo De Paul
94%
ATT Manchester United 17 Alejandro Garnacho
93%
MIL Liverpool 20 Alexis Mac Allister
93%
MIL Chelsea 24 Enzo Fernández
93%
ATT Manchester City 9 Julián Álvarez
93%
DEF OL 3 Nicolás Tagliafico
89%
ATT SL Benfica 11 Ángel Di María
85%
DEF Tottenham 13 Cristian Romero
85%
DEF SL Benfica 19 Nicolás Otamendi
80%
MIL AS Roma 5 Leandro Paredes
78%
MIL Bayer Leverkusen 14 Exequiel Palacios
72%
DEF Atlético Madrid 26 Nahuel Molina
72%
G Ajax Amsterdam 12 Geronimo Rulli
67%
MIL Tottenham 16 Giovani Lo Celso
65%
COACH - - Lionel Scaloni
57%
DEF FC Séville 8 Marcos Acuña
57%
DEF Nottingham Forrest 4 Gonzalo Montiel
50%
ATT Fiorentina 15 Nicolás González
46%
G River Plate 1 Franco Armani
44%
MIL Real Betis 18 Guido Rodríguez
41%
DEF Real Betis 6 Germán Pezzella
26%
ATT AC Monza 21 Valentín Carboni
13%
Aucun quiz correspondant
Distribution des résultats
% des personnes avec chaque résultat
Percentile par nombre de réponses
Votre historique - résultats
Vous n’avez pas pris ce quiz